Southville International School and Colleges
Your cart is empty.
  • Cart
  • Lists
    Public lists list_1 View all
    Your lists Log in to create your own lists
  • Log in to your account
  • Your cookies
  • Search history
Southville International School and Colleges
  • Advanced search
  • Recent comments
  • Most popular
  • Libraries

Log in to your account

Log in with GOOGLE


If you do not have an external account, but do have a local account, you can still log in:

  1. Home
  2. MARC view: Culture in Decline: Economics 101
Normal view MARC view ISBD view

Culture in Decline: Economics 101 (Record no. 333246)

[ view plain ]
MARC details
000 -LEADER
fixed length control field 00569nam a2200097Ia 4500
008 - FIXED-LENGTH DATA ELEMENTS--GENERAL INFORMATION
fixed length control field 170517s9999 xx 000 0 und d
245 ## - TITLE STATEMENT
Title Culture in Decline: Economics 101
300 ## - PHYSICAL DESCRIPTION
Extent The topic of this show entitled Economics 101 deals with the subject of Economic Calculation, Market Rationale and its effects, along with considerations of the Scientific Principles of Sustainability. This episode features long winded and generally insulting rhetoric, a...
650 ## - SUBJECT ADDED ENTRY--TOPICAL TERM
General subdivision Business and Economics.
856 ## - ELECTRONIC LOCATION AND ACCESS
Uniform Resource Identifier <a href="http://topdocumentaryfilms.com/culture-decline-economics-101/">http://topdocumentaryfilms.com/culture-decline-economics-101/</a>
Holdings
Withdrawn status Lost status Damaged status Home library Current library Date acquired Total Checkouts Date last seen Price effective from Koha item type
      College Library College Library 05/17/2017   05/17/2017 05/17/2017 Documentary Films

Culture in Decline: Economics 101

APA

Culture in Decline: Economics 101. : .

Chicago

Culture in Decline: Economics 101. : .

Harvard

Culture in Decline: Economics 101. : .

MLA

: . .

  • Place hold
  • Print
  • Cite
  • Add to your cart (remove)
  • Save record
    BIBTEX Dublin Core MARCXML MARC (non-Unicode/MARC-8) MARC (Unicode/UTF-8) MARC (Unicode/UTF-8, Standard) MODS (XML) RIS
  • More searches
    Search for this title in:
    Other Libraries (WorldCat) Other Databases (Google Scholar) Online Stores (Bookfinder.com) Open Library (openlibrary.org)

Exporting to Dublin Core...

SOUTHVILLE LIBRARY

Southville International School and Colleges Library

1281 Tropical Ave. Cor. Luxembourg St., BF Homes International, Las Pinas City

Tel. No. 8256374 / 252358 Loc. 117/146

Powered by Koha